000 01369nam a22003737a 4500
003 CHAP
005 20220329140651.0
008 971013s1995 r 00010 d
010 _a55693
011 _a56665
035 _a60818
040 _cCHAP
090 _aTesis
100 0 0 _aAlvarez Vazquez, David.
_94995
245 _aPlaneación regional generación de un patrón óptimo de cultivos en el DDR 156, el Control, Tamaulipas
260 _aChapingo, Méx. :
_bEl autor,
_c1995
300 _a72 h.
_b; anexos
502 _aTesis (Ing. Agr. Esp. en Economía Agrícola) -- UACH. Departamento de Economía Agrícola
590 _aALEPH
_b10
_c20130110
_lUCH01
_h1333
590 _aBATCH-UPD
_b10
_c20130110
_lUCH01
_h0211
590 _aBATCH-UPD
_b10
_c20130110
_lUCH01
_h0828
590 _aBATCH-UPD
_b10
_c20130409
_lUCH01
_h2227
590 _aBATCH-UPD
_b10
_c20130914
_lUCH01
_h1120
590 _aCONVERSION
_b10
_c20130109
_lUCH01
_h1330
650 1 4 _aCultivos
_xRendimiento.
_930318
650 1 4 _aCultivos
_xTamaulipas.
_930329
650 1 4 _aDistrito de Desarrollo Rural Control, Tamps.
_932774
650 1 4 _aPlaneación regional
_xTamaulipas.
_988722
650 1 4 _aPolítica agrícola
_xTamaulipas.
_990366
901 _aBK
942 _cFOLL
949 _bBC
_cTES
_d-130858
_eTS1
_h28409
_i60818
_si
949 _bBC
_cTES
_d33724000040705
_eTS2
_fc.2
_h28410
_i60818
_si
999 _c55693
_d55693